|
|
|
|
| LEADER |
00000nam0a2200000 4500 |
| 001 |
9824 |
| 005 |
20231030182632.0 |
| 010 |
|
|
|a 5861340552
|
| 035 |
|
|
|a (RuTPU)RU\TPU\book\9879
|
| 035 |
|
|
|a BOOK00009941
|
| 090 |
|
|
|a 9824
|
| 100 |
|
|
|a 20011209d1998 k y0rusy50 ca
|
| 101 |
0 |
|
|a rus
|
| 102 |
|
|
|a RU
|
| 105 |
|
|
|a y z 000zy
|
| 200 |
1 |
|
|a Природные самосветящиеся образования
|f А. Н. Дмитриев
|
| 210 |
|
|
|a Новосибирск
|d 1998
|
| 215 |
|
|
|a 242 с.
|
| 610 |
1 |
|
|a геоэлектричество
|
| 610 |
1 |
|
|a физический вакуум
|
| 610 |
1 |
|
|a самосветящиеся образования
|
| 610 |
1 |
|
|a НЛО
|
| 610 |
1 |
|
|a шаровые молнии
|
| 675 |
|
|
|a 550.37
|v 3
|
| 675 |
|
|
|a 533.5
|v 3
|
| 700 |
|
1 |
|a Дмитриев
|b А. Н.
|g Алексей Николаевич
|
| 801 |
|
0 |
|a RU
|b 63413507
|c 20011209
|g PSBO
|
| 801 |
|
2 |
|a RU
|b 63413507
|c 20021004
|g PSBO
|
| 942 |
|
|
|c BK
|